[Event "South America-ch U14 Girls 16th"]
[Site "Buenos Aires"]
[Date "2019.12.05"]
[Round "8.4"]
[White "Figueroa Bernal, Julia Dennis Paloma"]
[Black "Bustillos, Natalia"]
[Result "1/2-1/2"]
[WhiteElo "1794"]
[BlackElo "1585"]
[PlyCount "80"]
[EventDate "2019.12.01"]
[EventType "swiss"]
[EventRounds "9"]
[EventCountry "ARG"]
[SourceTitle "EXT 2024"]
[Source "ChessBase"]
[SourceDate "2023.10.10"]
[SourceVersion "1"]
[SourceVersionDate "2023.10.10"]
[SourceQuality "1"]

1. e4 c5 2. Nf3 d6 3. d4 cxd4 4. Nxd4 Nf6 5. Nc3 a6 6. f3 e5 7. Nb3 Be6 8. Be3 Be7 9. Qd2 Qc7 10. g4 0-0 11. g5 Nfd7 12. 0-0-0 b5 13. Kb1 Nb6 14. Nd5 Nxd5 15. exd5 Bf5 16. Bd3 Bg6 17. h4 Bh5 18. Rdf1 Nd7 19. Na5 Nc5 20. Bf5 Bg6 21. Bxg6 fxg6 22. Nc6 Nb7 23. Qh2 Rf7 24. h5 gxh5 25. Qxh5 g6 26. Qh3 Bf8 27. Qe6 Nd8 28. Nxd8 Rxd8 29. f4 Qd7 30. f5 gxf5 31. g6 Qxe6 32. dxe6 Rg7 33. Bg5 Re8 34. gxh7+ Rxh7 35. Rhg1 Rxe6 36. Rxf5 Rg7 37. Rgf1 Be7 38. Bd2 e4 39. Bc3 Rf6 40. a4 bxa4 1/2-1/2

[Event "South America-ch U14 Girls 16th"]
[Site "Buenos Aires"]
[Date "2019.12.04"]
[Round "6.9"]
[White "Figueroa Bernal, Julia Dennis Paloma"]
[Black "Kutianski, Sofia"]
[Result "1-0"]
[WhiteElo "1794"]
[BlackElo "1275"]
[PlyCount "64"]
[EventDate "2019.12.01"]
[EventType "swiss"]
[EventRounds "9"]
[EventCountry "ARG"]
[SourceTitle "EXT 2024"]
[Source "ChessBase"]
[SourceDate "2023.10.10"]
[SourceVersion "1"]
[SourceVersionDate "2023.10.10"]
[SourceQuality "1"]

1. e4 e5 2. Nf3 Nf6 3. Nxe5 d6 4. Nc4 Nxe4 5. Qe2 Qe7 6. Nc3 Nf6 7. Ne3 Nc6 8. Ned5 Qxe2+ 9. Bxe2 Nxd5 10. Nxd5 Kd8 11. c3 Be6 12. Nf4 d5 13. Nxe6+ fxe6 14. d4 Bd6 15. Bg5+ Kd7 16. 0-0 Raf8 17. Rfe1 Rf5 18. Bh4 g5 19. Bg3 h5 20. Bd3 Rf7 21. Re2 h4 22. Bxd6 cxd6 23. Rae1 e5 24. Bb5 e4 25. c4 a6 26. cxd5 axb5 27. dxc6+ bxc6 28. Rxe4 Rhf8 29. f3 Rf4 30. Re7+ Kd8 31. Ra7 Rxd4 32. Ra8+ Kc7 1-0

[Event "Pan American-ch U20 Girls"]
[Site "Cochabamba"]
[Date "2019.08.03"]
[Round "4"]
[White "Hilario Huaranca, Aleyla Karen"]
[Black "Figueroa Bernal, Julia Dennis Paloma"]
[Result "1-0"]
[WhiteElo "1841"]
[BlackElo "1837"]
[PlyCount "57"]
[EventDate "2019.08.01"]
[EventType "swiss"]
[EventRounds "9"]
[EventCountry "BOL"]
[SourceTitle "EXT 2020"]
[Source "ChessBase"]
[SourceDate "2019.10.17"]
[SourceVersion "1"]
[SourceVersionDate "2019.10.17"]
[SourceQuality "1"]

1. d4 Nf6 2. Nf3 g6 3. c4 Bg7 4. g3 d6 5. Bg2 0-0 6. Nc3 Nbd7 7. 0-0 e5 8. e4 exd4 9. Nxd4 Re8 10. Re1 a6 11. h3 Ne5 12. b3 Bd7 13. Be3 Rb8 14. a4 Qc8 15. Kh2 h5 16. f4 Neg4+ 17. hxg4 Nxg4+ 18. Kg1 c5 19. e5 cxd4 20. Bxd4 dxe5 21. fxe5 Nxe5 22. Qd2 Bg4 23. Rf1 Bh3 24. Qf4 Bxg2 25. Kxg2 Qg4 26. Bxe5 Bxe5 27. Qxf7+ Kh8 28. Qf3 Rf8 29. Qe3 1-0

[Event "Pan American-ch U14 Girls"]
[Site "Guayaquil"]
[Date "2019.07.27"]
[Round "9"]
[White "Yellamraju, Ambica"]
[Black "Figueroa Bernal, Julia Dennis Paloma"]
[Result "1/2-1/2"]
[WhiteElo "1712"]
[BlackElo "1837"]
[PlyCount "50"]
[EventDate "2019.07.21"]
[EventType "swiss"]
[EventRounds "9"]
[EventCountry "ECU"]
[SourceTitle "EXT 2020"]
[Source "ChessBase"]
[SourceDate "2019.10.17"]
[SourceVersion "1"]
[SourceVersionDate "2019.10.17"]
[SourceQuality "1"]

1. d4 Nf6 2. c4 e6 3. g3 d5 4. Nf3 dxc4 5. Bg2 a6 6. 0-0 Nc6 7. e3 Rb8 8. Nfd2 e5 9. Bxc6+ bxc6 10. dxe5 Ng4 11. Nxc4 Be6 12. Qxd8+ Rxd8 13. Nbd2 Bb4 14. b3 Bc3 15. Rb1 Bxd2 16. Nxd2 Nxe5 17. Bb2 Rxd2 18. Bxe5 f6 19. Rb2 Rd7 20. Bd4 Kf7 21. Rc1 Bd5 22. Rc5 Rhd8 23. f4 Be4 24. Kf2 Rd5 25. b4 g5 1/2-1/2

[Event "Antofagasta Zicosur op 4th"]
[Site "Antofagasta"]
[Date "2019.01.07"]
[Round "5"]
[White "Figueroa Bernal, Julia Dennis Paloma"]
[Black "Garmendia Vega, Gabriel"]
[Result "0-1"]
[WhiteElo "1685"]
[BlackElo "2041"]
[PlyCount "76"]
[EventDate "2019.01.04"]
[EventType "swiss"]
[EventRounds "10"]
[EventCountry "CHI"]
[SourceTitle "CBM 190 Extra"]
[Source "ChessBase"]
[SourceDate "2019.07.15"]
[SourceVersion "1"]
[SourceVersionDate "2019.07.15"]
[SourceQuality "1"]

1. e4 c5 2. Nf3 d6 3. d4 cxd4 4. Nxd4 Nf6 5. Nc3 a6 6. Bg5 e6 7. f4 Nbd7 8. Qf3 Qc7 9. g4 b5 10. a3 Bb7 11. 0-0-0 Be7 12. Bxf6 Nxf6 13. g5 Nd7 14. f5 e5 15. Ndxb5 axb5 16. Nxb5 Qb6 17. f6 gxf6 18. gxf6 Bf8 19. Qb3 Nc5 20. Qb4 d5 21. Qc3 d4 22. Qg3 Bh6+ 23. Kb1 Bf4 24. Qg4 h5 25. Qg7 0-0-0 26. Qxf7 d3 27. c4 Bxe4 28. Bh3+ Kb8 29. b4 Rh7 30. bxc5 Qxb5+ 31. cxb5 Rxf7 32. Rhe1 Bf3 33. c6 Bxd1 34. Rxd1 Kc7 35. Bd7 Rdxd7 36. cxd7 Rxd7 37. f7 Bh6 38. Re1 e4 0-1

[Event "Santiago Region-ch (Women) 2nd"]
[Site "Santiago de Chile"]
[Date "2018.04.14"]
[Round "1.3"]
[White "Figueroa Bernal, Julia Dennis Paloma"]
[Black "Galvez Aguirre, Valentina"]
[Result "1-0"]
[WhiteElo "1683"]
[BlackElo "1140"]
[PlyCount "47"]
[EventDate "2018.04.14"]
[EventType "swiss"]
[EventRounds "6"]
[EventCountry "CHI"]
[SourceTitle "EXT 2024"]
[Source "ChessBase"]
[SourceDate "2023.10.10"]
[SourceVersion "1"]
[SourceVersionDate "2023.10.10"]
[SourceQuality "1"]

1. e4 c5 2. Nf3 g6 3. d4 Bg7 4. Nc3 cxd4 5. Nxd4 d6 6. Be3 Nf6 7. f3 0-0 8. Qd2 Nc6 9. g4 Bd7 10. 0-0-0 Rb8 11. h4 a6 12. h5 b5 13. hxg6 fxg6 14. Qh2 Rf7 15. Nd5 Qa5 16. Kb1 Nb4 17. Nxb4 Qxb4 18. a3 Qa5 19. Nb3 Qc7 20. Bd2 Qc6 21. Bh3 Rc8 22. Bc3 Qb6 23. g5 Bxh3 24. Qxh3 1-0

[Event "Santiago Region-ch (Women) 2nd"]
[Site "Santiago de Chile"]
[Date "2018.04.14"]
[Round "3.1"]
[White "Sanchez Tobar, Francisca Valentina"]
[Black "Figueroa Bernal, Julia Dennis Paloma"]
[Result "0-1"]
[WhiteElo "1648"]
[BlackElo "1683"]
[PlyCount "56"]
[EventDate "2018.04.14"]
[EventType "swiss"]
[EventRounds "6"]
[EventCountry "CHI"]
[SourceTitle "EXT 2024"]
[Source "ChessBase"]
[SourceDate "2023.10.10"]
[SourceVersion "1"]
[SourceVersionDate "2023.10.10"]
[SourceQuality "1"]

1. e4 c5 2. Nf3 e6 3. d4 cxd4 4. Nxd4 a6 5. Bd3 Qc7 6. Be3 Nf6 7. 0-0 Be7 8. c4 d6 9. Nc3 Nbd7 10. Qe2 Ne5 11. f3 b6 12. Rac1 Nxd3 13. Qxd3 Bb7 14. Kh1 Rc8 15. b3 Nd7 16. Qd2 Nc5 17. Rfd1 Qb8 18. Qf2 h5 19. Qg3 g6 20. Qf2 h4 21. Qd2 Qa8 22. Nde2 h3 23. Ng3 hxg2+ 24. Kxg2 f5 25. Bxc5 bxc5 26. Qe3 g5 27. exf5 Bxf3+ 28. Qxf3 Rxh2+ 0-1

[Event "Wch U20 Girls 35th"]
[Site "Tarvisio"]
[Date "2017.11.25"]
[Round "11"]
[White "Figueroa Bernal, Julia Dennis Paloma"]
[Black "Braganza, Nadia"]
[Result "1-0"]
[WhiteElo "1690"]
[BlackElo "1536"]
[PlyCount "103"]
[EventDate "2017.11.13"]
[EventType "swiss"]
[EventRounds "11"]
[EventCountry "ITA"]
[SourceTitle "EXT 2019"]
[Source "ChessBase"]
[SourceDate "2018.10.10"]
[SourceVersion "1"]
[SourceVersionDate "2018.10.10"]
[SourceQuality "1"]

1. e4 c5 2. Nf3 Nc6 3. d4 cxd4 4. Nxd4 g6 5. Nc3 Bg7 6. Be3 Nf6 7. Qd2 0-0 8. f3 d6 9. g4 Ne8 10. 0-0-0 a5 11. h4 Ne5 12. Be2 Bd7 13. h5 Nf6 14. hxg6 fxg6 15. Bh6 Nf7 16. Bxg7 Kxg7 17. Nd5 e6 18. Nf4 Qe7 19. Bc4 e5 20. Nde6+ Bxe6 21. Nxe6+ Kg8 22. Nxf8 Qxf8 23. Qxd6 Qxd6 24. Rxd6 Kg7 25. Bxf7 Kxf7 26. g5 Nh5 27. Rd7+ Kg8 28. Rxb7 Rf8 29. Rd1 Rxf3 30. Rd8+ Rf8 31. Rxf8+ Kxf8 32. Rxh7 Ng7 33. Rxg7 Kxg7 34. c3 Kf7 35. b4 axb4 36. cxb4 Ke6 37. Kd2 Kd6 38. Kc3 Kc6 39. a4 Kb6 40. Kc4 Kc6 41. a5 Kb7 42. b5 Kc7 43. Kc5 Kb7 44. a6+ Kc7 45. b6+ Kb8 46. Kc6 Ka8 47. b7+ Kb8 48. a7+ Kxa7 49. Kc7 Ka6 50. b8Q Ka5 51. Qb3 Ka6 52. Qb6# 1-0

[Event "Wch U20 Girls 35th"]
[Site "Tarvisio"]
[Date "2017.11.24"]
[Round "10"]
[White "Greibrokk, Ingrid Andrea"]
[Black "Figueroa Bernal, Julia Dennis Paloma"]
[Result "1-0"]
[WhiteElo "1868"]
[BlackElo "1690"]
[PlyCount "115"]
[EventDate "2017.11.13"]
[EventType "swiss"]
[EventRounds "11"]
[EventCountry "ITA"]
[SourceTitle "CBM 181 Extra"]
[Source "ChessBase"]
[SourceDate "2017.12.12"]
[SourceVersion "1"]
[SourceVersionDate "2017.12.12"]
[SourceQuality "1"]

1. c4 e5 2. g3 Nf6 3. Bg2 Bc5 4. Nc3 0-0 5. d3 h6 6. Nf3 d6 7. 0-0 Nc6 8. Na4 Bb6 9. a3 Ne7 10. c5 dxc5 11. Nxe5 Ned5 12. Qc2 Qe7 13. Nc4 Qe8 14. Ne3 Qc6 15. Bd2 Bd7 16. Nc3 Be6 17. Rac1 Nxe3 18. Bxe3 Nd5 19. Nxd5 Bxd5 20. Bxd5 Qxd5 21. Bxc5 Bxc5 22. Qxc5 Qb3 23. Qc3 Qe6 24. e3 c6 25. b4 Rad8 26. d4 Rd5 27. Rc2 Rfd8 28. Qd3 h5 29. Kg2 h4 30. h3 hxg3 31. fxg3 Re5 32. Rf3 Re4 33. Rc3 Re8 34. b5 Qa2+ 35. Rc2 Qd5 36. Rc5 Qa2+ 37. Kg1 Qe6 38. bxc6 bxc6 39. d5 cxd5 40. Qxd5 Qxd5 41. Rxd5 Rxe3 42. Rxe3 Rxe3 43. Ra5 Re7 44. Kf2 f6 45. Kf3 Kf7 46. Ra6 g5 47. h4 gxh4 48. gxh4 Kg7 49. Kf4 Kf8 50. a4 Kg7 51. a5 Kf7 52. Rc6 Rb7 53. a6 Rb4+ 54. Kf5 Rb5+ 55. Kg4 Re5 56. Rc7+ Re7 57. Rb7 Kf8 58. Kf5 1-0

[Event "Wch U20 Girls 35th"]
[Site "Tarvisio"]
[Date "2017.11.14"]
[Round "2"]
[White "Sibajeva, Marija"]
[Black "Figueroa Bernal, Julia Dennis Paloma"]
[Result "0-1"]
[WhiteElo "2016"]
[BlackElo "1690"]
[PlyCount "126"]
[EventDate "2017.11.13"]
[EventType "swiss"]
[EventRounds "11"]
[EventCountry "ITA"]
[SourceTitle "CBM 181 Extra"]
[Source "ChessBase"]
[SourceDate "2017.12.12"]
[SourceVersion "1"]
[SourceVersionDate "2017.12.12"]
[SourceQuality "1"]

1. e4 c5 2. Nf3 e6 3. d4 cxd4 4. Nxd4 a6 5. c4 Qc7 6. Nc3 Nf6 7. Be3 d6 8. Be2 Be7 9. 0-0 0-0 10. Rc1 Nbd7 11. Qd2 b6 12. f3 Bb7 13. Kh1 Rac8 14. b3 Qb8 15. Rfd1 Bd8 16. Nc2 Bc7 17. Bf4 Ne5 18. Bg3 Ned7 19. Bf4 Ne5 20. Bg3 Rfd8 21. f4 Ned7 22. Bf3 Nc5 23. Bh4 Ncd7 24. Nd4 Re8 25. f5 d5 26. exd5 Bf4 27. Qf2 exd5 28. Rc2 Be3 29. Qf1 dxc4 30. bxc4 Bxf3 31. Nxf3 Qf4 32. Nd5 Qxf5 33. Re2 Bc5 34. Bf2 Rxe2 35. Qxe2 Qe6 36. Qxe6 fxe6 37. Nxf6+ Nxf6 38. Bxc5 Rxc5 39. Rd4 e5 40. Rd8+ Kf7 41. Rd1 e4 42. Nd2 Ra5 43. Rf1 e3 44. Nf3 Rxa2 45. Re1 Rf2 46. Rxe3 Rf1+ 47. Ng1 Ng4 48. Rf3+ Rxf3 49. Nxf3 Kf6 50. Kg1 Ne5 51. Nd2 a5 52. Kf1 a4 53. c5 b5 54. Ne4+ Ke7 55. Nc3 a3 56. Nd5+ Kd7 57. Nb4 Nc6 58. Nc2 a2 59. Ke1 Nd4 60. Na1 b4 61. Kd2 Kc6 62. Kc1 Kxc5 63. Kb2 b3 0-1